000 00574nam a2200205Ia 4500
005 20250923144802.0
008 008 250917s9999 xx 000 0 eng d
037 _aTextual
040 _aDSWL
_beng
_cDSWL
041 _aeng
_2eng
084 _aU8.26191.N5, J8
_qDSWL
100 _aBertrand, G.
_9828404
245 0 _aSecret lands where women reign
_cby G. Bertrand
260 _aLondon
_bRobertHole Ltd.
_c1958
300 _a224p.
365 _aINR
_b21
925 _g21
942 _cTEXL
_hU8.26191.N5, J8
999 _c1443303
_d1443303